Emotions of culture : a Malay perspective

Bibliographic Details
Other Authors: Wazir Jahan Karim
Format: Book
Published: New York : Oxford University Press , 1990
Subjects:

MARC

LEADER 00000cam a2200000 7i4500
001 0000003933
002 000004234
005 20000330.0
020 |a 0195889312 
090 0 0 |a 305.8992   |b EMO 
245 0 0 |a Emotions of culture :   |b a Malay perspective   |c edited by Wazir Jahan Karim 
260 |a New York :   |b Oxford University Press ,   |c 1990 
300 |a 178p. ;   |c cm. 
650 0 0 |a Malays (Asian People)   |x Psychology 
700 0 |a Wazir Jahan Karim 
999 |a 037062   |b BUKU   |c MALAYSIANA   |e PERPUSTAKAAN KOMUNITI PETALING JAYA